European Countries with an 'E' Quiz Stats

 Plays Quiz Updated Apr 30, 2019

Score 0/23 Timer 03:00
20 Plays Today
% Correct
Germany
97.1%
France
96.7%
Sweden
95.9%
Ireland
94.7%
Greece
93.6%
United Kingdom
92.6%
Netherlands
92.4%
Belgium
91.7%
Ukraine
90.6%
Iceland
89.4%
Estonia
88.8%
Turkey
87.7%
% Correct
Switzerland
87.6%
Czechia
87.4%
Denmark
86.1%
Bosnia and Herzegovina
85.5%
Belarus
84.9%
Serbia
82.1%
North Macedonia
80%
Slovenia
77.1%
Montenegro
73.6%
Luxembourg
72%
Liechtenstein
60%

You're not logged in!

Compare scores with friends on all Sporcle quizzes.
OR
Log In

You Might Also Like...

Show Comments

Extras

Top Quizzes Today


Score Distribution

Your Account Isn't Verified!

In order to create a playlist on Sporcle, you need to verify the email address you used during registration. Go to your Sporcle Settings to finish the process.

Report this User

Report this user for behavior that violates our Community Guidelines.

Details: